University Home | Library Home | Institutional Repository

Nursing administration / (Record no. 216180)

MARC details
000 -LEADER
fixed length control field 00979cam a2200301 a 4500
001 - CONTROL NUMBER
control field 970124
003 - CONTROL NUMBER IDENTIFIER
control field OSt
005 - DATE AND TIME OF LATEST TRANSACTION
control field 20260121100533.0
008 - FIXED-LENGTH DATA ELEMENTS--GENERAL INFORMATION
fixed length control field 850703s1985 mdua b 001 0 eng c
020 ## - INTERNATIONAL STANDARD BOOK NUMBER
International Standard Book Number 9789351524083
035 ## - SYSTEM CONTROL NUMBER
System control number 970124
040 ## - CATALOGING SOURCE
Original cataloging agency LC
Transcribing agency UNZA
Description conventions RDA
050 10 - LIBRARY OF CONGRESS CALL NUMBER
Classification number RT89
Item number BAS 2014
100 ## - MAIN ENTRY--PERSONAL NAME
Personal name Basavanthappa, BT
245 00 - TITLE STATEMENT
Title Nursing administration /
Statement of responsibility, etc. BT Basavanthappa
250 ## - EDITION STATEMENT
Edition statement Third Edition
260 ## - PUBLICATION, DISTRIBUTION, ETC.
Place of publication, distribution, etc. New Delhi :
Name of publisher, distributor, etc. JAYPEE The Health Sciences Publishers,
Date of publication, distribution, etc. 2014.
300 ## - PHYSICAL DESCRIPTION
Extent xxiv, ii92 pages :
Other physical details illustrations.
336 ## - CONTENT TYPE
Content type term text
Content type code txt
Source rdacontent
337 ## - MEDIA TYPE
Media type term unmediated
Media type code n
Source rdamedia
338 ## - CARRIER TYPE
Carrier type term volume
Carrier type code nc
Source rdacarrier
500 ## - GENERAL NOTE
General note "An Aspen publication."
504 ## - BIBLIOGRAPHY, ETC. NOTE
Bibliography, etc. note Includes bibliographical references and index.
504 ## - BIBLIOGRAPHY, ETC. NOTE
Bibliography, etc. note "Nursing resources, books and periodicals": p. 524-528.
650 #0 - SUBJECT ADDED ENTRY--TOPICAL TERM
Topical term or geographic name entry element Nursing services
General subdivision Administration.
942 ## - ADDED ENTRY ELEMENTS (KOHA)
Source of classification or shelving scheme Library of Congress Classification
Koha item type Book
Holdings
Withdrawn status Lost status Source of classification or shelving scheme Damaged status Not for loan Collection code Home library Current library Shelving location Date acquired Total Checkouts Full call number Barcode Date last seen Copy number Cost, replacement price Price effective from Koha item type
    Library of Congress Classification     Non-fiction Nursing Sciences Nursing Sciences On Shelf 01/21/2026   RT89 BAS 2014 33729004876665 01/21/2026 1 300.00 01/21/2026 Book
    Library of Congress Classification     Non-fiction Nursing Sciences Nursing Sciences On Shelf 01/21/2026   RT89 BAS 2014 33729004876723 01/21/2026 2 300.00 01/21/2026 Book
    Library of Congress Classification     Non-fiction Nursing Sciences Nursing Sciences On Shelf 01/21/2026   RT89 BAS 2014 33729004876608 01/21/2026 3 300.00 01/21/2026 Book
© 2026 - The University of Zambia Library - Koha v25.11